Odpowiedz na dyfinicje #1 - Statystyki

Ogólne statystyki
  • Ten quiz został rozwiązany 21 razy
  • Średni wynik to 6 z 12
Statystyki odpowiedzi
Pytanie Odpowiedż % Poprawnych
Wspólny odcinek dróg oddechowych i przewodupokarmu to.... Gardło
79%
Instytucja edukacyjna, której celem jest przekazywanie wiedzy , umiejętności i wartości społecznych uczniom przez nauczycieli. Szkoła
79%
Wypukła forma ukształtowania terenu o wysokości względnej większej niż 300 m. Góra
71%
Miasto, w którym znajduje się siedziba centralnych organów państwa lub główne miasto okręgu, rejonu , województwa, krainy historycznej itp Stolica
71%
Zbiorowość ludzi wyróżniająca się wspólną świadomością narodową to..... Naród
64%
Nauka przyrodnicza zajmująca się budową, właściwościami substancji, ich jakościowymi i ilościowymi przemianami, warunkami, w których te przemiany zachodzą i efektami energetycznymi oraz zjawiskami, głównie elektrycznymi, które im towarzyszą. Chemia
57%
Wyraz lub dłuższe określenie równoważneznaczeniowo innemu (równoznacznik) lub na tyle zbliżone, że można nim zastąpić to drugie w odpowiednim kontekście (bliskoznacznik). Synonim
57%
Jednostka osadnicza o przewadze zwartej zabudowy i funkcjach nierolniczych, posiadająca prawa miejskie bądź status miasta nadany w trybie określonym odrębnymi przepisami to... Miasto
50%
Wielkość fizyczna określająca kolejność zdarzeń oraz odstępy między zdarzeniami zachodzącymi w tym samym miejscu. Czas
36%
Zmniejszone przedstawienie na płaszczyźniewybranego obszaru Ziemi określające wzajemne położenie i charakterystykę zawartych na niej obiektów to.... Mapa
36%
Sztuka organizacji struktur dźwiękowych w czasie Muzyka
29%
Krótkie określenie czegoś (można określać przedmiot lub wyraz lub wyrażenie) to..... Definicja
14%
Nie znaleziono quizów pasujących do podanych kryteriów
Rozkład punktacji
Procent ludzi z każdym wynikiem
Percentyl według liczby udzielonych odpowiedzi
Twoja historia wyników
Nie rozwiązałeś tego quizu